|
|
|
|
| LEADER |
00000nam1a2200000 4500 |
| 001 |
112353 |
| 005 |
20231031121429.0 |
| 035 |
|
|
|a (RuTPU)RU\TPU\book\121461
|
| 035 |
|
|
|a RU\TPU\book\279126
|
| 090 |
|
|
|a 112353
|
| 100 |
|
|
|a 20140409d1987 k y0rusy5003 ca
|
| 101 |
0 |
|
|a rus
|
| 200 |
1 |
|
|a Вопросы микропалеонтологии
|f Академия наук СССР (АН СССР), Геологический институт (ГИН)
|
| 210 |
|
|
|a Москва
|c Наука
|d 1956-1987
|
| 712 |
0 |
2 |
|a Академия наук СССР (АН СССР)
|b Геологический институт (ГИН)
|c (Москва)
|2 stltpush
|3 (RuTPU)RU\TPU\col\11354
|
| 801 |
|
1 |
|a RU
|b 63413507
|c 20070327
|g PSBO
|
| 801 |
|
2 |
|a RU
|b 63413507
|c 20150518
|g RCR
|
| 942 |
|
|
|c BK
|